Čiastkové riešenie návrhu zabezpečenia kvality procesu vývoja softvérových systémov
Uložené v:
| Hlavný autor: | |
|---|---|
| Ďalší autori: | |
| Médium: | Rukopis Kniha |
| Jazyk: | Slovak |
| Vydavateľské údaje: |
STU v Bratislave MTF UIAM,
2010
|
| Predmet: | |
| On-line prístup: | VAIS |
| Tagy: |
Žiadne tagy, Buďte prvý, kto otaguje tento záznam!
|
MARC
| LEADER | 00000ntm a22000003a 4500 | ||
|---|---|---|---|
| 001 | stu207505 | ||
| 005 | 20160719160300.5 | ||
| 008 | 100715s2010------------------------slo-d | ||
| 040 | |a STU |b slo | ||
| 041 | 0 | |a slo | |
| 100 | 1 | |a Karabová, Ľubica, |d 1983- |4 aut |X 57436 |7 A000057436 | |
| 242 | 0 | 0 | |a Partial proposal solution of assurance of quality process of the software systems evolution. |y eng |
| 245 | 1 | |a Čiastkové riešenie návrhu zabezpečenia kvality procesu vývoja softvérových systémov | |
| 260 | |b STU v Bratislave MTF UIAM, |c 2010 | ||
| 650 | 7 | |a normy |2 stusub | |
| 650 | 7 | |a softvér |2 stusub | |
| 650 | 7 | |a software |2 estusub | |
| 650 | 7 | |a quality |2 estusub | |
| 700 | 1 | |a Tanuška, Pavol, |d 1966- |4 ths |u M6000 |U MTF Materiálovotechnologická fakulta |T MTF Ústav aplikovanej informatiky, automatizácie a matematiky |X 248 |U M6000 |Y 86 |7 A000000248 | |
| 856 | 4 | |a info a plný text |u http://is.stuba.sk/zp/portal_zp.pl?podrobnosti=75197 |3 VAIS | |
| 996 | |c M*DP-9190 |l MMSKP |s P |a 0 |w stu207505_0001 | ||